00939nam a22002177a 4500003000900000008004100009040007100050082002500121100002000146245008800166260003600254300004400290505021900334650001700553650001900570650002700589650001300616650001100629700003700640700004400677AR-CdUCM190328b ||||| |||| 00| 0 spa d aMUNICIPALIDAD PROVINCIAL DEL CUSCOcBIBLIOTECA MUNICIPAL DEL CUSCO a917.3 /bAR72 / 1943 aArispe, Alberto aDos conferencias :bimpresiones de un viaje por Estados Unidos de Norte América / aArequipa :bPortugal L.,c1943. a67 páginas ;bilustraciones ;c19 cm. aContenido : Primera conferencia sustentada en el ateneo municipal el 17 de marzo de 1943 -- Segunda conferencia sustentada a invitación del Rotary Club en el hotel Arequipa de Selva Alegre el 20 de abril de 1943. aConferencias aEstados Unidos aDescripciones y viajes aSiglo XX aPerú aGibson, Carlos Diego (prólogo) aGuardia Mayorga, César A. (colofón)